000 00245nam a2200085Ia 4500
008 220204s9999 xx 000 0 und d
082 _a331:334.744.2(540)
_bCON;1
245 0 _aConference of chief inspectors of factories recommendations
942 _cBK
999 _c22041
_d22041